000 00438cam a2200181ua 4500
020 _c3.50
041 _ahin
_h
082 _a891.54
_bBHO/BH
100 _aBholanath, Tiwari .
245 _aBharatiya pouranik katyem /
_cBholanath Tiwari.
_hTextual Documents
250 _a1 /
_b.
260 _aDelhi :
_bRajkamal Prakash ,
_c1961.
300 _a183 ; .
365 _a3.50
504 _a
942 _cBK
999 _c8317
_d8317